000
00329nam a2200133Ia 4500
008
240624s9999 xx 000 0 und d
041
_a
eng
082
_a
338.79154 PAN
100
_a
PANDA TAPAN K
245
_a
TOURISM INDUSTRY IN INDIA
260
_c
2003
_a
New Delhi
_b
Excel Books
300
_a
xi, : 273 : cm. ; 22
365
_c
RS
999
_c
2427
_d
2427